000 00380nam a2200133Ia 4500
008 220217s9999||||xx |||||||||||||| ||und||
020 _a81-203-0962-6
082 _a004.165 TRI
100 _aTriebal, Walter, A Singh, Avtar
_91923
245 0 _a8088 and 8086 microprocessors
260 _aPrentice hall of india
_bNew Delhi
_c2001
300 _b0
650 _aMICROPROCESSOR
999 _c167808
_d167808